[Event "Excelsior February U1900"]
[Site "Toronto CAN"]
[Date "2023.02.05"]
[Round "5.21"]
[White "Chen, Larry Zhou"]
[Black "Cottrell, Deparse"]
[Result "0-1"]
[WhiteElo "911"]
[BlackElo "1517"]
[PlyCount "80"]
[EventDate "2023.02.03"]
[EventType "swiss"]
[EventRounds "5"]
[EventCountry "CAN"]

1. Nf3 d5 2. d4 c5 3. c4 Nc6 4. Nc3 Nf6 5. Bf4 a6 6. e3 Bg4 7. dxc5 e5 8. cxd5
exf4 9. dxc6 Qxd1+ 10. Rxd1 bxc6 11. exf4 Bxc5 12. Be2 O-O 13. O-O Rfc8 14. h3
Be6 15. a3 Nh5 16. Ne5 Ng3 17. Rfe1 Nxe2+ 18. Rxe2 Be7 19. f5 Bxf5 20. Nxc6
Bxa3 21. bxa3 Rxc6 22. Nd5 Kf8 23. Ne7 Re6 24. Rxe6 Bxe6 25. Nd5 Rd8 26. Nc3
Rxd1+ 27. Nxd1 Ke7 28. Kf1 Kd6 29. Ke2 Bd5 30. g3 Be6 31. h4 Bg4+ 32. Kd2 Bxd1
33. Kxd1 Kc5 34. Kc1 Kc4 35. Kc2 h5 36. f3 f5 37. f4 g6 38. Kb2 a5 39. Kc2 a4
40. Kb2 Kd3 0-1

[Event "Excelsior February U1900"]
[Site "Toronto CAN"]
[Date "2023.02.05"]
[Round "5.22"]
[White "Ajith, Aarush"]
[Black "Lukinykh, Slava"]
[Result "1/2-1/2"]
[WhiteElo "1605"]
[BlackElo "1314"]
[PlyCount "66"]
[EventDate "2023.02.03"]
[EventType "swiss"]
[EventRounds "5"]
[EventCountry "CAN"]

1. d4 f5 2. e4 fxe4 3. Nc3 Nf6 4. Bg5 d5 5. Bxf6 exf6 6. Qh5+ g6 7. Qxd5 Bf5 8.
Qxb7 Nd7 9. Nd5 Bd6 10. O-O-O O-O 11. Bc4 Kh8 12. Ne3 Nb6 13. Bb3 Qd7 14. Qa6
Be6 15. Ne2 Bg4 16. h3 Be6 17. d5 Bf7 18. Nd4 Bf4 19. Ne6 Bxe6 20. dxe6 Qe7 21.
g3 Bh6 22. Kb1 c5 23. Nd5 Qxe6 24. Nc7 Qc8 25. Qxc8 Raxc8 26. Nd5 c4 27. Nxb6
axb6 28. Ba4 Rfd8 29. Bd7 Rc5 30. Be6 Bd2 31. c3 Re5 32. Bxc4 b5 33. Bb3 Re7
1/2-1/2

[Event "Excelsior February U1900"]
[Site "Toronto CAN"]
[Date "2023.02.05"]
[Round "5.23"]
[White "El Habboub, Hicham"]
[Black "Sreekumar Maliekal, Balakrishnan"]
[Result "1-0"]
[WhiteElo "1444"]
[BlackElo "1401"]
[PlyCount "59"]
[EventDate "2023.02.03"]
[EventType "swiss"]
[EventRounds "5"]
[EventCountry "CAN"]

1. e4 c5 2. Nf3 d6 3. d4 cxd4 4. Nxd4 Nf6 5. Nc3 g6 6. Bc4 Bg7 7. f3 O-O 8. Be3
Nc6 9. Qd2 Nxd4 10. Bxd4 Be6 11. Bd3 Qa5 12. g4 Rab8 13. Ke2 b5 14. h4 Bc4 15.
Bxc4 bxc4 16. Bxf6 Bxf6 17. g5 Bxc3 18. bxc3 Rb2 19. h5 Qa4 20. Rac1 Rfb8 21.
hxg6 fxg6 22. Qd5+ Kf8 23. Rxh7 Rxc2+ 24. Ke3 Re2+ 25. Kxe2 Qxa2+ 26. Ke3 Ke8
27. Qf7+ Kd7 28. Qxe7+ Kc6 29. Qc7+ Kb5 30. Qxb8+ 1-0

[Event "Excelsior February U1900"]
[Site "Toronto CAN"]
[Date "2023.02.05"]
[Round "5.24"]
[White "Naiboglu, Onur"]
[Black "Anish, Diganth"]
[Result "1-0"]
[WhiteElo "1321"]
[BlackElo "1166"]
[PlyCount "79"]
[EventDate "2023.02.03"]
[EventType "swiss"]
[EventRounds "5"]
[EventCountry "CAN"]

1. e4 c5 2. c3 e5 3. Nf3 Nc6 4. Bb5 d6 5. d4 cxd4 6. cxd4 exd4 7. Nxd4 Bd7 8.
O-O g6 9. Nc3 Bg7 10. Nxc6 Bxc6 11. Bxc6+ bxc6 12. Bf4 Be5 13. Bxe5 dxe5 14.
Qa4 Qc7 15. Rfd1 Ne7 16. Nd5 Nxd5 17. exd5 O-O 18. dxc6 Rfc8 19. Rac1 Rd8 20.
Qc4 Rxd1+ 21. Rxd1 Rc8 22. Rd7 Qxd7 23. cxd7 Rxc4 24. d8=Q+ Kg7 25. h3 Rc1+ 26.
Kh2 Rc2 27. Qd5 Re2 28. b4 h6 29. a4 Kh8 30. Qa8+ Kg7 31. Qxa7 Rb2 32. b5 Kf6
33. b6 Rxb6 34. Qxb6+ Kg7 35. Qd6 f6 36. Qe7+ Kg8 37. a5 e4 38. a6 e3 39. a7
exf2 40. a8=Q# 1-0

[Event "Excelsior February U1900"]
[Site "Toronto CAN"]
[Date "2023.02.05"]
[Round "5.25"]
[White "Downie, Peter"]
[Black "Yang, Albert"]
[Result "1/2-1/2"]
[WhiteElo "1162"]
[BlackElo "1221"]
[PlyCount "79"]
[EventDate "2023.02.03"]
[EventType "swiss"]
[EventRounds "5"]
[EventCountry "CAN"]

1. e4 c5 2. c3 Nc6 3. d4 e6 4. Nf3 d5 5. e5 Nge7 6. Bb5 a6 7. Ba4 Bd7 8. O-O
Nf5 9. Bg5 Be7 10. Qd2 h6 11. Bxe7 Qxe7 12. Re1 O-O 13. Bc2 Nh4 14. Qd3 Nxf3+
15. Qxf3 f6 16. Qd3 f5 17. Nd2 b5 18. f4 b4 19. Nf3 a5 20. c4 dxc4 21. Qxc4
cxd4 22. Nxd4 Rac8 23. Nxc6 Bxc6 24. Bb3 Bd5 25. Qd3 Rfd8 26. Qb5 Qa7+ 27. Kh1
Rc5 28. Qf1 Bxb3 29. axb3 Rd2 30. Re2 Rdc2 31. h3 Qa6 32. Rxc2 Qxf1+ 33. Rxf1
Rxc2 34. Rb1 Kf7 35. Kh2 Kg6 36. Kg3 Kh5 37. Ra1 Rxb2 38. Rxa5 Rxb3+ 39. Kh2
Ra3 40. Rb5 1/2-1/2

[Event "Excelsior February op"]
[Site "Toronto CAN"]
[Date "2023.02.03"]
[Round "1.2"]
[White "Sambuev, Bator"]
[Black "Moses, Neil"]
[Result "1-0"]
[WhiteElo "2487"]
[BlackElo "1983"]
[PlyCount "59"]
[EventDate "2023.02.03"]
[EventType "swiss"]
[EventRounds "5"]
[EventCountry "CAN"]

1. d4 Nf6 2. c4 e6 3. Nc3 Bb4 4. e3 O-O 5. Bd3 c5 6. Nf3 Nc6 7. O-O d6 8. Ne4
Nxe4 9. Bxe4 d5 10. cxd5 exd5 11. Bb1 cxd4 12. Nxd4 Nxd4 13. Qxd4 Be7 14. Bd2
f5 15. Bc3 Bf6 16. Qd2 Be6 17. Bc2 Bxc3 18. Qxc3 Qf6 19. Qxf6 Rxf6 20. g3 Rd8
21. Rfd1 g5 22. f4 gxf4 23. exf4 d4 24. Rd2 Bc8 25. Re1 Kf7 26. Re5 Be6 27. a4
Rc8 28. a5 Kg6 29. g4 Rc6 30. gxf5+ 1-0

[Event "Excelsior February op"]
[Site "Toronto CAN"]
[Date "2023.02.03"]
[Round "1.3"]
[White "Qian, Eric"]
[Black "Reprintsev, Alexander"]
[Result "0-1"]
[WhiteElo "1949"]
[BlackElo "2407"]
[PlyCount "114"]
[EventDate "2023.02.03"]
[EventType "swiss"]
[EventRounds "5"]
[EventCountry "CAN"]

1. e4 Nc6 2. d4 d5 3. exd5 Qxd5 4. Nf3 Bg4 5. Be2 O-O-O 6. c3 e5 7. c4 Qa5+ 8.
Bd2 Bb4 9. d5 Bxf3 10. Bxf3 Nd4 11. a3 Bxd2+ 12. Nxd2 c5 13. O-O Nf6 14. b4 Qb6
15. Nb3 Nxb3 16. Qxb3 Kb8 17. Rfb1 Rc8 18. Qc3 Rhe8 19. a4 Rc7 20. a5 Qd6 21.
bxc5 Qxc5 22. d6 Qxd6 23. c5 Qd4 24. Qxd4 exd4 25. c6 Ne4 26. cxb7 Nd2 27. Rd1
Nxf3+ 28. gxf3 Kxb7 29. Rxd4 Re6 30. f4 Ka6 31. Rd5 Rc4 32. f5 Rec6 33. Re1
R4c5 34. Ree5 Rxd5 35. Rxd5 Kb7 36. Kg2 Kc7 37. Kf3 Rc4 38. Re5 Kd6 39. Rb5 Rc5
40. Rxc5 Kxc5 41. f6 gxf6 42. Kf4 Kb5 43. Kf5 Kxa5 44. Kxf6 Kb6 45. Kxf7 a5 46.
f4 a4 47. f5 a3 48. f6 a2 49. Kg8 a1=Q 50. f7 Qa2 51. Kg7 Qb2+ 52. Kxh7 Qf6 53.
Kg8 Qg6+ 54. Kf8 Kc7 55. h4 Kd7 56. h5 Qh7 57. h6 Qh8# 0-1

[Event "Excelsior February op"]
[Site "Toronto CAN"]
[Date "2023.02.03"]
[Round "1.4"]
[White "Chen, Max"]
[Black "Laughlin, Braden"]
[Result "1/2-1/2"]
[WhiteElo "1949"]
[BlackElo "1948"]
[PlyCount "110"]
[EventDate "2023.02.03"]
[EventType "swiss"]
[EventRounds "5"]
[EventCountry "CAN"]

1. e4 c5 2. c3 Nf6 3. e5 Nd5 4. d4 cxd4 5. Nf3 Nc6 6. cxd4 d6 7. Bc4 dxe5 8.
dxe5 Be6 9. O-O g6 10. Ng5 Bg7 11. Nxe6 fxe6 12. Qb3 O-O 13. Qxb7 Nxe5 14. Be2
Qd6 15. Nc3 Rab8 16. Qa6 Nxc3 17. bxc3 Qxa6 18. Bxa6 Nf7 19. Be3 Bxc3 20. Rac1
Bf6 21. Bc4 a5 22. Bxe6 Kg7 23. Rc5 a4 24. Ra5 Ra8 25. Ba7 Rfd8 26. Rxa4 Ng5
27. Bb3 Ne4 28. Rxe4 Rxa7 29. Rfe1 Rd2 30. R1e2 Rd8 31. g3 g5 32. Kg2 Rd6 33.
Ra4 Rxa4 34. Bxa4 Rd3 35. Bc2 Rc3 36. a4 Ra3 37. Re4 h6 38. Kf1 Kf8 39. Ke2 Ke8
40. Bd3 Kd7 41. Ke3 Kd6 42. Rb4 Kc7 43. Ke4 h5 44. Rc4+ Kd6 45. h3 Rb3 46. Ke3
Ra3 47. Rb4 Kc7 48. Ke2 Ra2+ 49. Kf1 Kd6 50. f4 gxf4 51. gxf4 h4 52. Bb1 Rb2
53. Rxb2 Bxb2 54. a5 Kc6 55. Bd3 Bc1 1/2-1/2

[Event "Excelsior February op"]
[Site "Toronto CAN"]
[Date "2023.02.03"]
[Round "1.5"]
[White "Brajkovic, Nikola"]
[Black "Jaferian, Koosha"]
[Result "0-1"]
[WhiteElo "1919"]
[BlackElo "2359"]
[PlyCount "76"]
[EventDate "2023.02.03"]
[EventType "swiss"]
[EventRounds "5"]
[EventCountry "CAN"]

1. e4 c6 2. d4 d5 3. exd5 cxd5 4. Nf3 Nc6 5. Nc3 Bg4 6. Be2 e6 7. h3 Bh5 8. Ne5
Bxe2 9. Nxe2 Bd6 10. Nd3 f6 11. c3 Nge7 12. O-O O-O 13. Bf4 e5 14. Bh2 e4 15.
Nc5 b6 16. Bxd6 Qxd6 17. Nb3 f5 18. Rc1 f4 19. f3 Nf5 20. fxe4 Ne3 21. Qd3 dxe4
22. Qxe4 Rae8 23. Qf3 Nxf1 24. Rxf1 Ne7 25. Nd2 Ng6 26. Rf2 Rf5 27. Qd3 Qe6 28.
Nf3 Qf7 29. b3 Re3 30. Qd2 Qe7 31. Kf1 Qe4 32. Kg1 Rf8 33. Kh2 Re8 34. Neg1 Ne7
35. Ng5 Qg6 36. N5f3 Nd5 37. c4 Nf6 38. Ne5 Qg3+ 0-1

[Event "Excelsior February op"]
[Site "Toronto CAN"]
[Date "2023.02.03"]
[Round "1.6"]
[White "Rusonik, Max"]
[Black "D'Souza, Carina"]
[Result "1-0"]
[WhiteElo "2312"]
[BlackElo "1915"]
[PlyCount "93"]
[EventDate "2023.02.03"]
[EventType "swiss"]
[EventRounds "5"]
[EventCountry "CAN"]

1. e4 c5 2. Nf3 d6 3. d4 cxd4 4. Nxd4 Nf6 5. Nc3 a6 6. Bg5 e6 7. Qe2 Be7 8. h4
Nbd7 9. O-O-O Qc7 10. g4 b5 11. a3 Bb7 12. Rh3 O-O 13. Kb1 Rfc8 14. Bc1 d5 15.
exd5 Nxd5 16. Nxe6 fxe6 17. Qxe6+ Kh8 18. Rxd5 Bxd5 19. Qxe7 Bg8 20. Bg2 Rab8
21. h5 Re8 22. Qg5 Qc5 23. Qxc5 Nxc5 24. Be3 Ne6 25. h6 gxh6 26. Nd5 Bf7 27.
Rxh6 Red8 28. Be4 Kg8 29. Kc1 Nf8 30. Ne7+ Kg7 31. Nc6 Re8 32. Nxb8 Rxe4 33. g5
a5 34. Nc6 a4 35. Nd4 Bc4 36. Rb6 Ne6 37. Nf5+ Kg6 38. Nd6 Re5 39. Kd2 Kh5 40.
Nxc4 bxc4 41. f4 Re4 42. Rb7 Kg6 43. f5+ Kxf5 44. Rxh7 Nxg5 45. Rh5 Rg4 46.
Rxg5+ Rxg5 47. Bxg5 1-0

[Event "Excelsior February op"]
[Site "Toronto CAN"]
[Date "2023.02.03"]
[Round "1.7"]
[White "Qian, Ashley"]
[Black "Campbell, Ryan"]
[Result "0-1"]
[WhiteElo "1817"]
[BlackElo "2240"]
[PlyCount "122"]
[EventDate "2023.02.03"]
[EventType "swiss"]
[EventRounds "5"]
[EventCountry "CAN"]

1. e4 c6 2. Nf3 d5 3. Nc3 Bg4 4. h3 Bxf3 5. Qxf3 e6 6. Be2 Bc5 7. O-O Nd7 8. d3
Ngf6 9. Bg5 d4 10. Nb1 Qc7 11. Nd2 Bd6 12. Nc4 Bh2+ 13. Kh1 Ne5 14. Nxe5 Bxe5
15. Rfc1 h6 16. Bh4 O-O-O 17. Bg3 Bxg3 18. fxg3 Rhf8 19. c3 Qb6 20. Rab1 Kb8
21. b4 dxc3 22. Rxc3 Rd4 23. Rcb3 Nd7 24. a4 Ka8 25. Kh2 Ne5 26. Qf1 Rfd8 27.
b5 c5 28. Ra3 Qa5 29. Qc1 Qb6 30. a5 Qd6 31. b6 a6 32. Rb2 c4 33. Rc3 cxd3 34.
Rd2 Kb8 35. Bf1 h5 36. Kh1 g5 37. Rc7 g4 38. h4 Nc6 39. Rxd3 Rxd3 40. Bxd3 Qxd3
41. Qf4 Qd6 42. Qxf7 Nxa5 43. Kh2 Qxb6 44. Rc1 Nc6 45. Qxe6 Qd4 46. Rb1 Ka7 47.
Qb3 Rd7 48. Qe6 Re7 49. Qc8 Qxe4 50. Rb2 Qd4 51. Rb3 a5 52. Rb5 a4 53. Rb1 Ne5
54. Qf5 b6 55. Qc2 Qc4 56. Qb2 Nf3+ 57. Kh1 Re1+ 58. Rxe1 Nxe1 59. Kh2 Qe4 60.
Qg7+ Ka6 61. Qb2 Qxg2+ 0-1

[Event "Excelsior February op"]
[Site "Toronto CAN"]
[Date "2023.02.03"]
[Round "1.9"]
[White "Engel, Ethan"]
[Black "Wiebe, Isaac"]
[Result "0-1"]
[WhiteElo "1725"]
[BlackElo "2174"]
[PlyCount "150"]
[EventDate "2023.02.03"]
[EventType "swiss"]
[EventRounds "5"]
[EventCountry "CAN"]

1. d4 d5 2. c4 dxc4 3. Nf3 a6 4. a4 Nf6 5. e3 Bg4 6. Bxc4 e6 7. h3 Bh5 8. O-O
Bd6 9. Nbd2 Nc6 10. Be2 O-O 11. Nc4 Qe7 12. Nxd6 Qxd6 13. b3 Rfe8 14. Ba3 Qd5
15. Nd2 Bxe2 16. Qxe2 e5 17. dxe5 Nxe5 18. Rfd1 Ng6 19. Rac1 Nh4 20. Qf1 Rad8
21. g3 Nf3+ 22. Nxf3 Qxf3 23. Rxd8 Rxd8 24. Be7 Rd7 25. Bxf6 Qxf6 26. Rd1 Qd8
27. Rxd7 Qxd7 28. Qc4 Qd6 29. Qe4 c6 30. Qe8+ Qf8 31. Qd7 Qb8 32. b4 g6 33. b5
axb5 34. axb5 cxb5 35. Qxb5 Qc7 36. Kf1 Qc1+ 37. Ke2 Qc2+ 38. Ke1 Qc7 39. Ke2
Kg7 40. h4 h5 41. Qb2+ Kg8 42. Qb5 Qc2+ 43. Ke1 Qc1+ 44. Ke2 Qc2+ 45. Ke1 Qe4
46. Ke2 Qe7 47. Kd2 Qd8+ 48. Ke2 Qa8 49. Ke1 Qa6 50. Qe8+ Kg7 51. Qe5+ Qf6 52.
Qb5 b6 53. Ke2 Qd6 54. Qb2+ Kf8 55. Qb5 Ke7 56. Qb3 Qc5 57. Kd3 Qd6+ 58. Ke2
Qc5 59. Kd3 b5 60. Qc3 Qxc3+ 61. Kxc3 Kd6 62. Kb4 Kc6 63. e4 Kb6 64. f3 Kc6 65.
g4 Kb6 66. gxh5 gxh5 67. f4 Kc6 68. f5 Kd6 69. Kxb5 Ke5 70. Kc6 Kxe4 71. Kd6
Kxf5 72. Ke7 f6 73. Kf7 Kg4 74. Kxf6 Kxh4 75. Kf5 Kg3 0-1

[Event "Excelsior February op"]
[Site "Toronto CAN"]
[Date "2023.02.03"]
[Round "1.10"]
[White "Joseph Benher, Savio"]
[Black "Sirkovich, Daniel"]
[Result "1-0"]
[WhiteElo "2138"]
[BlackElo "1711"]
[PlyCount "79"]
[EventDate "2023.02.03"]
[EventType "swiss"]
[EventRounds "5"]
[EventCountry "CAN"]

1. e4 c6 2. d4 d5 3. e5 Bf5 4. h4 h5 5. Bd3 Bxd3 6. Qxd3 Qa5+ 7. Bd2 Qa6 8. e6
Qxd3 9. exf7+ Kxf7 10. cxd3 Nd7 11. Nf3 Nh6 12. O-O Nf5 13. Re1 Re8 14. Nc3 e6
15. Ng5+ Kf6 16. Nf3 Kf7 17. g3 Bd6 18. Ng5+ Kf6 19. Ne2 e5 20. Bc3 c5 21. dxc5
Bxc5 22. Kg2 d4 23. Bd2 Bb6 24. Bb4 Ne7 25. Ne4+ Kg6 26. Nd6 Rb8 27. Nc4 Nc6
28. Bd6 Rbe8 29. Ng1 Bc5 30. Nf3 Bxd6 31. Nxd6 Re6 32. Ne4 Nb4 33. Neg5 Ree8
34. Red1 Nc5 35. a3 Nbxd3 36. b4 Nb2 37. bxc5 Nxd1 38. Rxd1 d3 39. Rxd3 Rd8 40.
Nxe5+ 1-0

[Event "Excelsior February op"]
[Site "Toronto CAN"]
[Date "2023.02.03"]
[Round "1.11"]
[White "Zhong, April"]
[Black "Kim, Noah"]
[Result "0-1"]
[WhiteElo "1666"]
[BlackElo "2090"]
[PlyCount "84"]
[EventDate "2023.02.03"]
[EventType "swiss"]
[EventRounds "5"]
[EventCountry "CAN"]

1. e4 c6 2. d4 d5 3. Nc3 dxe4 4. Nxe4 Nf6 5. Nxf6+ exf6 6. c3 Bf5 7. Nf3 Bd6 8.
g3 O-O 9. Bg2 Re8+ 10. Be3 Nd7 11. O-O Nf8 12. Nh4 Bd7 13. Qc2 Qc8 14. Rfe1 g5
15. Nf3 Bf5 16. Qb3 Be4 17. c4 Qf5 18. Nd2 Bxg2 19. Kxg2 Rab8 20. Rad1 Ng6 21.
Nb1 Qg4 22. Nd2 Nh4+ 23. Kh1 Nf5 24. Qd3 Re7 25. Qe2 Qxe2 26. Rxe2 Nxd4 27.
Ree1 Rbe8 28. Rg1 Nf5 29. c5 Nxe3 30. cxd6 Nxd1 31. dxe7 Nxf2+ 32. Kg2 Nd3 33.
Ne4 Rxe7 34. Nxf6+ Kg7 35. Nh5+ Kg6 36. g4 f5 37. Rd1 fxg4 38. Rxd3 Kxh5 39.
Kf2 Kg6 40. Kg3 h5 41. h3 gxh3 42. Kxh3 Re2 0-1

[Event "Excelsior February op"]
[Site "Toronto CAN"]
[Date "2023.02.03"]
[Round "1.12"]
[White "Ajith, Aayush"]
[Black "Deepak, Laksshana"]
[Result "1-0"]
[WhiteElo "2076"]
[BlackElo "1638"]
[PlyCount "63"]
[EventDate "2023.02.03"]
[EventType "swiss"]
[EventRounds "5"]
[EventCountry "CAN"]

1. d4 Nf6 2. c4 g6 3. Nc3 d5 4. cxd5 Nxd5 5. e4 Nxc3 6. bxc3 Bg7 7. Bc4 c5 8.
Ne2 Nc6 9. Be3 cxd4 10. cxd4 Qa5+ 11. Qd2 O-O 12. Qxa5 Nxa5 13. Bd3 Nc6 14. Rd1
Nb4 15. Bb1 f5 16. a3 Nc6 17. Ba2+ Kh8 18. e5 e6 19. h4 Nd8 20. h5 Kg8 21. hxg6
hxg6 22. Nf4 Kf7 23. d5 Bxe5 24. dxe6+ Bxe6 25. Bxe6+ Nxe6 26. Rd7+ Ke8 27.
Rhh7 Ng7 28. Rxb7 Bxf4 29. Bxf4 Nh5 30. Bg5 Nf6 31. Rbe7+ Kd8 32. Re6 1-0

[Event "Excelsior February op"]
[Site "Toronto CAN"]
[Date "2023.02.03"]
[Round "1.13"]
[White "Singh Dhaliwal, Jaipreet"]
[Black "Oancea, Nicolae"]
[Result "1-0"]
[WhiteElo "1628"]
[BlackElo "2069"]
[PlyCount "79"]
[EventDate "2023.02.03"]
[EventType "swiss"]
[EventRounds "5"]
[EventCountry "CAN"]

1. e4 e6 2. d4 d5 3. e5 c5 4. c3 Nc6 5. Nf3 Bd7 6. a3 Nge7 7. Be3 Nf5 8. Bd3
cxd4 9. cxd4 Nxe3 10. fxe3 f6 11. O-O f5 12. Nc3 a6 13. Qe2 g6 14. b4 b5 15.
Qf2 Be7 16. Ne2 Na7 17. h4 Nc8 18. Nf4 Nb6 19. g4 Nc4 20. gxf5 gxf5 21. Kh1 Rg8
22. Rg1 Rg4 23. Rxg4 fxg4 24. Bxh7 Qb6 25. Ng5 O-O-O 26. Nf7 Re8 27. h5 a5 28.
Bg6 Bf8 29. Nd3 Bg7 30. Nc5 Rf8 31. Qe2 Be8 32. Rf1 Bxf7 33. Rxf7 Rxf7 34. Bxf7
axb4 35. Bxe6+ Qxe6 36. Nxe6 Bh6 37. axb4 Nxe3 38. Qxb5 g3 39. Qc6+ Kb8 40.
Qb6+ 1-0

[Event "Excelsior February op"]
[Site "Toronto CAN"]
[Date "2023.02.03"]
[Round "1.14"]
[White "Lu, Tony"]
[Black "Sreekumar, Gauri"]
[Result "1-0"]
[WhiteElo "2043"]
[BlackElo "1598"]
[PlyCount "61"]
[EventDate "2023.02.03"]
[EventType "swiss"]
[EventRounds "5"]
[EventCountry "CAN"]

1. e4 c5 2. Nc3 Nc6 3. Bb5 d6 4. Bxc6+ bxc6 5. f4 e6 6. Nf3 Be7 7. O-O Ba6 8.
d3 Nf6 9. b3 O-O 10. Bb2 d5 11. e5 Ne8 12. Qe2 Nc7 13. Na4 Rb8 14. c4 Qd7 15.
Ba3 Rfd8 16. Bxc5 Bxc5+ 17. Nxc5 Qc8 18. Nh4 g6 19. g4 Re8 20. f5 Qd8 21. f6
dxc4 22. Qe3 Kh8 23. dxc4 Nd5 24. Qh6 Nxf6 25. exf6 Qd4+ 26. Kh1 Rg8 27. Nxa6
g5 28. Nf3 Qxg4 29. Nxb8 Rg6 30. Qf8+ Rg8 31. Qxf7 1-0

[Event "Excelsior February op"]
[Site "Toronto CAN"]
[Date "2023.02.04"]
[Round "2.2"]
[White "Wiebe, Isaac"]
[Black "Sambuev, Bator"]
[Result "0-1"]
[WhiteElo "2174"]
[BlackElo "2487"]
[PlyCount "98"]
[EventDate "2023.02.03"]
[EventType "swiss"]
[EventRounds "5"]
[EventCountry "CAN"]

1. d4 Nf6 2. c4 e6 3. Nc3 Bb4 4. Qc2 c5 5. dxc5 O-O 6. a3 Bxc5 7. b4 Be7 8. Nf3
a5 9. b5 Qc7 10. e3 d6 11. Bb2 e5 12. Ng5 g6 13. O-O-O Bf5 14. Bd3 Bxd3 15.
Qxd3 Nbd7 16. Nge4 Rfd8 17. Kb1 Nb6 18. Nxf6+ Bxf6 19. Nd5 Nxd5 20. cxd5 a4 21.
Rc1 Qb6 22. Bc3 e4 23. Qxe4 Qxb5+ 24. Ka1 Bxc3+ 25. Rxc3 Rac8 26. Qd3 Qxd3 27.
Rxd3 Rc2 28. Rf1 Rdc8 29. Rd4 b5 30. Rb4 R8c3 31. Rxb5 Rxa3+ 32. Kb1 Rd2 33.
Rb2 Rb3 34. Rxb3 axb3 35. h4 Kg7 36. g4 Kf6 37. f3 Rxd5 38. Kb2 Rd3 39. Re1 Ke5
40. g5 d5 41. Re2 Kd6 42. Re1 d4 43. exd4 Rxf3 44. Re4 Kd5 45. Re8 Rf4 46. Re7
Kc4 47. Rc7+ Kxd4 48. Kxb3 Ke3 49. h5 Kf3 0-1

[Event "Excelsior February op"]
[Site "Toronto CAN"]
[Date "2023.02.04"]
[Round "2.3"]
[White "Reprintsev, Alexander"]
[Black "Ajith, Aayush"]
[Result "1/2-1/2"]
[WhiteElo "2407"]
[BlackElo "2076"]
[PlyCount "89"]
[EventDate "2023.02.03"]
[EventType "swiss"]
[EventRounds "5"]
[EventCountry "CAN"]

1. e4 c5 2. b3 Nc6 3. Bb2 d6 4. Bb5 Bd7 5. Ne2 a6 6. Bxc6 Bxc6 7. d3 e6 8. O-O
Nf6 9. Nd2 Be7 10. Ng3 h5 11. h3 h4 12. Ne2 d5 13. e5 Ng8 14. d4 c4 15. a4 b5
16. axb5 axb5 17. Rxa8 Qxa8 18. Qa1 Qb7 19. c3 Nh6 20. Ba3 O-O 21. Bxe7 Qxe7
22. Qb2 Ra8 23. Ra1 Rxa1+ 24. Qxa1 b4 25. Qa6 bxc3 26. Nxc3 Qb4 27. Qc8+ Kh7
28. Ncb1 c3 29. Qxc6 cxd2 30. Qc2+ Nf5 31. Nxd2 Qxd4 32. Nf3 Qf4 33. Qc3 g5 34.
b4 g4 35. Qd2 Qxd2 36. Nxd2 gxh3 37. b5 Nd4 38. b6 hxg2 39. Kxg2 Nc6 40. b7 f6
41. Nf3 fxe5 42. Nxe5 Nb8 43. Kh3 Kg7 44. Kxh4 Kf6 45. f4 1/2-1/2

[Event "Excelsior February op"]
[Site "Toronto CAN"]
[Date "2023.02.04"]
[Round "2.4"]
[White "Jaferian, Koosha"]
[Black "Lu, Tony"]
[Result "1-0"]
[WhiteElo "2359"]
[BlackElo "2043"]
[PlyCount "73"]
[EventDate "2023.02.03"]
[EventType "swiss"]
[EventRounds "5"]
[EventCountry "CAN"]

1. d4 d5 2. Bf4 Nf6 3. Nf3 c5 4. e3 e6 5. Nbd2 Bd6 6. Bg3 O-O 7. c3 Qc7 8. Bd3
Nbd7 9. e4 dxe4 10. Nxe4 Nxe4 11. Bxe4 Nf6 12. Bc2 b6 13. Qd3 Bb7 14. Bh4 Be4
15. Qe2 Bxc2 16. Qxc2 Nd5 17. Ng5 g6 18. dxc5 bxc5 19. Ne4 Be5 20. Bg3 Nf4 21.
O-O c4 22. Rad1 Rab8 23. Bxf4 Bxf4 24. Nf6+ Kg7 25. Nd7 Bxh2+ 26. Kh1 Rb5 27.
Nxf8 Rh5 28. Rfe1 Qf4 29. Re4 Qh6 30. g4 Rh3 31. Nxe6+ fxe6 32. Kg2 Bg3 33.
Rd7+ Kf6 34. g5+ Qxg5 35. Kxh3 Be5 36. Qe2 Qf5+ 37. Kg2 1-0

[Event "Excelsior February op"]
[Site "Toronto CAN"]
[Date "2023.02.04"]
[Round "2.5"]
[White "Kim, Noah"]
[Black "Rusonik, Max"]
[Result "0-1"]
[WhiteElo "2090"]
[BlackElo "2312"]
[PlyCount "119"]
[EventDate "2023.02.03"]
[EventType "swiss"]
[EventRounds "5"]
[EventCountry "CAN"]

1. d4 Nf6 2. c4 e6 3. Nf3 d5 4. Nc3 Bb4 5. cxd5 exd5 6. Bg5 h6 7. Bh4 Nbd7 8.
Qc2 g5 9. Bg3 Ne4 10. Nd2 Nxg3 11. hxg3 c6 12. a3 Bf8 13. e4 Nb6 14. O-O-O dxe4
15. Ndxe4 Bg7 16. d5 cxd5 17. Bb5+ Kf8 18. Nc5 a6 19. Be2 Be6 20. Kb1 Rc8 21.
Nxe6+ fxe6 22. Rd3 Ke7 23. Rhd1 Rf8 24. Bf3 Qd6 25. Re1 Bxc3 26. Rxc3 Rxc3 27.
Qxc3 Rf6 28. Qd4 Kf7 29. Re2 Nd7 30. Qa7 Qb8 31. Qd4 Qd6 32. Rc2 Ne5 33. Bh5+
Kg7 34. Qa7 Qd7 35. Be2 Nc6 36. Qb6 e5 37. Bg4 Qf7 38. Qe3 d4 39. Qe2 Qb3 40.
Rd2 Qb5 41. Qe1 Na5 42. Be2 Qd5 43. Bf3 Qb5 44. Be2 Qb3 45. Bd3 Qd5 46. Be4 Qb3
47. Bd3 Qd5 48. Be4 Qd6 49. Bd3 Nb3 50. Rd1 Nc5 51. Bc2 Rf7 52. Qe2 Rd7 53. Bd3
Nxd3 54. Qxd3 Qg6 55. f3 Qxd3+ 56. Rxd3 Kf6 57. Rd1 Rc7 58. Re1 Kf5 59. Re4 Rc6
60. g4+ 0-1

[Event "Excelsior February op"]
[Site "Toronto CAN"]
[Date "2023.02.04"]
[Round "2.6"]
[White "Campbell, Ryan"]
[Black "Singh Dhaliwal, Jaipreet"]
[Result "1-0"]
[WhiteElo "2240"]
[BlackElo "1649"]
[PlyCount "185"]
[EventDate "2023.02.03"]
[EventType "swiss"]
[EventRounds "5"]
[EventCountry "CAN"]

1. e4 e5 2. Nf3 Nf6 3. Nxe5 d6 4. Nf3 Nxe4 5. Bd3 Nf6 6. O-O Be7 7. c3 O-O 8.
Bc2 d5 9. h3 b6 10. d4 Re8 11. Bf4 Bd6 12. Ne5 c5 13. Nd2 Qc7 14. Ndf3 Nc6 15.
Re1 Bd7 16. Rc1 c4 17. Re3 Ne7 18. Nh4 Ng6 19. Nhxg6 hxg6 20. Qf3 Be6 21. Rce1
Bf5 22. Bxf5 gxf5 23. g4 fxg4 24. hxg4 Ne4 25. Kg2 f6 26. Ng6 Qf7 27. Bxd6 Qxg6
28. Bf4 Red8 29. Qd1 f5 30. g5 b5 31. Rh3 Kf7 32. f3 Nf6 33. Reh1 Nd7 34. Qc2
Re8 35. Rh7 Qe6 36. Kf2 Nf8 37. g6+ Qxg6 38. R1h6 Nxh7 39. Rxg6 Kxg6 40. Kf1
Nf6 41. Be5 Rh8 42. a4 a6 43. Qg2+ Kf7 44. f4 Rad8 45. Ke1 Rh5 46. Bxf6 gxf6
47. axb5 axb5 48. Kd1 Rh4 49. Qf3 Rg4 50. Kc2 Rd6 51. Qh1 Kg7 52. Qh3 Re6 53.
Qf3 Re4 54. Kb1 Rgxf4 55. Qg3+ Rg4 56. Qc7+ Kg6 57. Qd8 f4 58. Qg8+ Kf5 59.
Qxd5+ Re5 60. dxe5 fxe5 61. Qd7+ Kg5 62. Qxb5 f3 63. Qxe5+ Kh4 64. Qh2+ Kg5 65.
Kc1 Rg2 66. Qh3 Kf4 67. Kd1 Rxb2 68. Qh6+ Kf5 69. Ke1 Re2+ 70. Kf1 Rg2 71. Qh4
Rg4 72. Qh6 Rg2 73. Qc6 Kf4 74. Qxc4+ Kg3 75. Qc7+ Kg4 76. Qg7+ Kf4 77. Qf6+
Kg3 78. Qe5+ Kg4 79. c4 Re2 80. Qd4+ Kf5 81. c5 Re7 82. Qd5+ Kf6 83. Qxf3+ Ke6
84. Qc6+ Kf7 85. Qd5+ Ke8 86. c6 Rc7 87. Qd6 Rf7+ 88. Kg2 Rg7+ 89. Kf3 Rf7+ 90.
Kg4 Rg7+ 91. Kh5 Re7 92. Qb8+ Kf7 93. c7 1-0

[Event "Excelsior February op"]
[Site "Toronto CAN"]
[Date "2023.02.04"]
[Round "2.8"]
[White "Oancea, Nicolae"]
[Black "Chen, Max"]
[Result "0-1"]
[WhiteElo "2069"]
[BlackElo "2378"]
[PlyCount "104"]
[EventDate "2023.02.03"]
[EventType "swiss"]
[EventRounds "5"]
[EventCountry "CAN"]

1. e4 c5 2. Nf3 d6 3. Bb5+ Nd7 4. O-O a6 5. Bxd7+ Bxd7 6. c3 Nf6 7. Re1 Bc6 8.
d3 g6 9. Bg5 Bg7 10. Nbd2 h6 11. Bxf6 Bxf6 12. d4 cxd4 13. cxd4 O-O 14. Qb3 b5
15. Rac1 Bd7 16. Rc2 Qb6 17. e5 Bg7 18. exd6 Qxd6 19. Ne4 Qb6 20. Qb4 Bf5 21.
Rc5 Rfd8 22. Ng3 Be6 23. a4 Rab8 24. axb5 axb5 25. Ne5 Bd5 26. Ne2 e6 27. Rcc1
Rd6 28. Nc3 Bf8 29. Qc5 Qb7 30. Nxd5 Rxd5 31. Qc3 Rbd8 32. Qf3 Bg7 33. Rc5 Bxe5
34. dxe5 Qb6 35. Rxd5 Rxd5 36. Qf4 Qd4 37. Qxd4 Rxd4 38. Kf1 g5 39. g3 Kg7 40.
Re3 Kg6 41. Rf3 Re4 42. Rf6+ Kg7 43. f4 gxf4 44. gxf4 b4 45. Kf2 b3 46. Kf3 Re1
47. Kf2 Rb1 48. f5 Rxb2+ 49. Kg3 exf5 50. Rxf5 Re2 51. Rf3 b2 52. Rb3 Re3+ 0-1